000 00616nam a22002057a 4500
003 dpl
005 20180825141640.0
008 180825b xxu||||| |||| 00| 0 eng d
010 _aA-852424
035 _aA-852424
037 _bBPPD/PUB
040 _c0
082 1 4 _a003
100 _aKapoor, V.K.
245 1 _aQuantitative techniques systems analysis and data processing /
_cby V.K.Kapoor
260 _aNew Delhi
_bSultan chand and sons
_c1997
270 _a23, Daryaganj
_bNew Delhi
_e110002
300 _a(Various pages)
_c22cm. (Hb)
942 _adpl
_cEN
_k003 / KAP
_2ddc
_h003
_mKAP
999 _c156330
_d156330